| 000 | 00793nam a2200205Ii 4500 | ||
|---|---|---|---|
| 003 | JO-AjNU | ||
| 008 | 230605s9999||||xx |||||||||||||| ||und|| | ||
| 017 | _a1994/2/137 | ||
| 040 |
_aJO-AjNU _bara _erda _cJO-AjNU |
||
| 041 | _aara | ||
| 050 | 1 | 4 | _aHG1615.M6412 1994 |
| 100 | 3 |
_aتأليف مولينو، فليب ؛ ترجمة مظهر مصطفى الحلاوي ؛ تحرير وتدقيق رائد السمره, _eauthor _934827 |
|
| 245 | 0 | 0 | _aمقدمة في الصيرفة =Banking an introductory text |
| 264 | 3 | 1 | _aعمان: مركز الكتب الاردني، 1994 |
| 300 |
_a271ص _bيحتوي على دليل مصطلحات |
||
| 336 |
_atext _btxt _2rdacontent |
||
| 337 |
_aunmediated _bn _2rdamedia |
||
| 338 |
_avolume _bnc _2rdacarrier |
||
| 650 | 4 |
_aالمصارف _934828 |
|
| 999 |
_aA14318 _c17886 _d17886 |
||